00242nam a2200097Ia 4500008004100000100001800041245001600059260004300075300000800118650001800126191201s2006 xx 000 0 und d aBATRA, Promod 0aBorn to Win aN.DelhibA Full Circle Publisherc2006 a104 aGeneral Books